LEADER 01184nam a2200289 u 4500 001 000000091436 003 CaOOAMICUS 005 20070226124830.0 008 060320s2000 it u000 u ita u 020 $a8821304515 035 $a11082013 040 $aPUL(R)$bita 245 00$aParma e Don Carlo Maria Baratta, Salesiano /$ca cura di Francesco Motto. 260 $aRoma :$bLAS,$c[2000] 300 $a443 p. ;$c24 cm 490 1 $aStudi ;$v13 500 $a"Atti del Convegno di Storia Sociale e Religiosa, Parma 9, 16, 23 Aprile 1999". 504 $aComprende indicazioni bibliografiche. 600 14$aBaratta, Carlo Maria,$cS.D.B.,$d1861-1910.$0(OLS)http://pul/subject/29667 700 1 $aMotto, Francesco,$cS.D.B.$0(OLS)http://pul/name/39054 830 0$aStudi (Istituto storico salesiano) ;$v13.$0(OLS)http://pul/title/58222 850 $aPUL 852 $aPUL$W1$xDP1 Fondo Gelio$y54$m2 B 3$j115436$qFondi$B148045$CPULBib$Z2$F148045 $82 941 1 $a1 996 $6020$a8821304515$9(OLS)http://pul/number/119909 996 $6245$aParma e Don Carlo Maria Baratta, Salesiano$9(OLS)http://pul/title/118024 996 $6260$aRoma :$bLAS$9(OLS)http://pul/publisher/48069 LEADER 01305nam a2200277 u 4500 001 000000113585 003 CaOOAMICUS 005 20081021112031.0 008 081021s2008 gw u000 u ger r 020 $z978-3-487-13704-9* 040 $aPUL$bita$dLDB 100 1 $aSeidl, Horst.$0(OLS)http://pul/name/21091 245 10$aEvolution und Naturfinalität :$bTraditionelle Naturphilosophie gegenüber moderner Evolutionstheorie /$cHorst Seidl. 260 $aHildesheim :$bGeorg Olms,$c2008. 300 $a171 p. ;$c21 cm. 490 1 $aPhilosophische Texte und Studien ;$vBd. 99 504 $aBibliografia in nota. 650 4$aFilosofia della natura.$0(OLS)http://pul/subject/8566 650 4$aEvoluzione (filosofia).$0(OLS)http://pul/subject/24008 830 0$aPhilosophische Texte und Studien ;$vBd. 99.$0(OLS)http://pul/title/57446 850 $aPUL 852 $aPUL$W1$xSL Filosofia 3$y81$m113 SEIHO 1$j129780$qDDC 21$B128836$CPULBib$Z2$F128836 $H108494 $82 941 1 $a9 996 $6020$z978-3-487-13704-9*$9(OLS)http://pul/number/138918 996 $6245$aEvolution und Naturfinalität :$bTraditionelle Naturphilosophie gegenüber moderner Evolutionstheorie$9(OLS)http://pul/title/142718 996 $6260$aHildesheim :$bGeorg Olms$9(OLS)http://pul/publisher/65241